Random City to Country - Statistics

General Stats
  • This quiz has been taken 40 times
  • The average score is 24 of 30
Answer Stats
City Country % Correct
Buenos Aires Argentina
100%
Sydney Australia
100%
Canberra Australia
100%
Melbourne Australia
100%
Darwin Australia
100%
Brussels Belgium
100%
Sao Paulo Brazil
100%
Rio de Janeiro Brazil
100%
Hong Kong China
100%
Prague Czech Republic
100%
Cairo Egypt
100%
Alexandria Egypt/United States
100%
Helsinki Finland
100%
Athens Greece
100%
Guatemala City Guatemala
100%
Mumbai India
100%
New Delhi India
100%
Kolkata India
100%
Dublin Ireland
100%
Tel Aviv Israel
100%
Jerusalem Israel
100%
Palermo Italy
100%
Milan Italy
100%
Tokyo Japan
100%
Osaka Japan
100%
Yokohama Japan
100%
Kobe Japan
100%
Beirut Lebanon
100%
Vilnius Lithuania
100%
Mexico City Mexico
100%
Tijuana Mexico
100%
Casablanca Morocco
100%
Auckland New Zealand
100%
Lagos Nigeria
100%
Oslo Norway
100%
Lima Peru
100%
Manila Philippines
100%
Warsaw Poland
100%
Gdansk Poland
100%
Krakow Poland
100%
Porto Portugal
100%
Moscow Russia
100%
St Petersburg Russia/United States
100%
Cape Town South Africa
100%
Johannesburg South Africa
100%
Seoul South Korea
100%
Incheon South Korea
100%
Madrid Spain
100%
Seville Spain
100%
Barcelona Spain
100%
Stockholm Sweden
100%
Malmo Sweden
100%
Bern Switzerland
100%
Damascus Syria
100%
Istanbul Turkey
100%
Manchester United Kingdom
100%
Liverpool United Kingdom
100%
London United Kingdom
100%
Edinburgh United Kingdom
100%
Birmingham United Kingdom/United States
100%
Springfield United States
100%
Los Angeles United States
100%
Chicago United States
100%
Cleveland United States
100%
Salt Lake City United States
100%
New York City United States
100%
Orlando United States
100%
Atlanta United States
100%
Dallas United States
100%
Houston United States
100%
Rome Italy
90%
Miami United States
90%
Paris France
89%
Fez Morocco
89%
Havana Cuba
88%
Bucharest Romania
88%
Novosibirsk Russia
88%
Zurich Switzerland
88%
Perth Australia
86%
Sofia Bulgaria
86%
Addis Ababa Ethiopia
86%
Abu Dhabi United Arab Emirates
86%
La Paz Bolivia
83%
Qingdao China
83%
Xi'an China
83%
Lyon France
83%
Jakarta Indonesia
83%
Tehran Iran
83%
Cork Ireland
83%
Rabat Morocco
83%
Cusco Peru
83%
Lisbon Portugal
83%
Riyadh Saudi Arabia
83%
Mecca Saudi Arabia
83%
Bilbao Spain
83%
Glasgow United Kingdom
83%
Buffalo United States
83%
Luanda Angola
80%
Shanghai China
80%
Ghuangzhou China
80%
Kuwait City Kuwait
80%
Guadalajara Mexico
80%
Islamabad Pakistan
78%
Yorktown United States
78%
Vienna Austria
75%
Neijing China
75%
Marseille France
75%
Acsuncion Paraguay
75%
Lome Togo
75%
Dubai United Arab Emirates
75%
Honolulu United States
75%
Des Moines United States
75%
Monterrey Mexico
71%
Pyongyang North Korea
71%
Fortaleza Brazil
67%
Reykjavik Iceland
67%
Pune India
67%
Riga Latvia
67%
Khartoum Sudan
67%
Izmir Turkey
67%
Kampala Uganda
67%
Timbuktu Mali
64%
Adelaide Australia
63%
Espoo Finland
63%
Accra Ghana
63%
Thessaloniki Greece
63%
Hyderabad India/Pakistan
63%
Faisalabad Pakistan
63%
Salem United States
63%
Ouagadougou Burkina Faso
60%
Lhasa China
60%
Luxor Egypt
60%
Dakar Senegal
60%
Montevideo Uruguay
60%
Maputo Mozambique
58%
Almaty Kazakhstan
57%
Murmansk Russia
57%
Ankara Turkey
57%
Split Croatia
50%
Nicosia Cyprus
50%
Limassol Cyprus
50%
Guayaquil Ecuador
50%
Quito Ecuador
50%
Baghdad Iraq
50%
Quezon City Philippines
50%
Brazzaville Republic of Congo
50%
Dodoma Tanzania
50%
Urumqi China
44%
Freetown Sierra Leone
44%
Durban South Africa
43%
Manama Bahrain
40%
Kano Nigeria
40%
Abidjan Côte d'Ivoire
33%
Suva Fiji
29%
Qom Iran
29%
Dar Es Salaam Tanzania
25%
Kinsasha Democratic Republic of Congo
20%
Innsbruck Austia
0%
Dhaka Bangladesh
0%
Bissau Gambia-Bissau
0%
Budapest Hungry
0%
Port Harcourt Nigeria
0%
Tashkent Uzebekistan
0%
No matching quizzes found
Score Distribution
Percent of People with Each Score
Percentile by Number Answered
Your Score History
You have not taken this quiz